| 000 | 00762cam a2200253u 4500 | ||
|---|---|---|---|
| 001 | 7416170 | ||
| 003 | ASAB | ||
| 005 | 20180827062723.0 | ||
| 008 | 821208s1948 nyu 000 0 eng | ||
| 010 | _a 48010519 | ||
| 040 |
_aDLC _cASAB _dDLC |
||
| 050 | 0 | 0 |
_aPZ3.C4637 _bMg4 _aPR6005.H66 |
| 082 | 0 | 0 |
_a823/.912 _221 |
| 100 | 1 |
_aChristie, Agatha, _d1890-1976. _92456 |
|
| 245 | 1 | 4 | _aThe moving finger. |
| 260 |
_aNew York, _bAvon Book Co. _c[1948] |
||
| 300 |
_a158 p. _c17 cm. |
||
| 650 | 0 |
_aMarple, Jane (Fictitious character) _xFiction. _92457 |
|
| 650 | 0 |
_aWomen detectives _zEngland _xFiction. _92458 |
|
| 655 | 7 |
_aDetective and mystery stories. _2gsafd _92459 |
|
| 906 |
_a0 _bcbc _cpremunv _du _encip _f19 _gy-gencatlg |
||
| 942 |
_2ddc _cBK |
||
| 999 |
_c480385 _d480385 |
||